书目信息 |
| 题名: |
建筑灭火技术与战术
|
|
| 作者: | 郭赞权 , 姜连瑞 主编 | |
| 分册: | ||
| 出版信息: | 北京 应急管理出版社 2022.06 |
|
| 页数: | 249页 | |
| 开本: | 26cm | |
| 丛书名: | ||
| 单 册: | ||
| 中图分类: | TU998.1 | |
| 科图分类: | ||
| 主题词: | 建筑物--jian zhu wu--消防--高等学校--教材 | |
| 电子资源: | ||
| ISBN: | 978-7-5020-9092-0 | |
| 000 | 01120nam0 2200253 450 | |
| 001 | 011025154525 | |
| 005 | 20221025154525.0 | |
| 010 | @a978-7-5020-9092-0@dCNY48.00 | |
| 100 | @a20201004d2022 em y0chiy0120 ea | |
| 101 | 0 | @achi |
| 102 | @aCN@b110000 | |
| 105 | @ay z 000yy | |
| 106 | @ar | |
| 200 | 1 | @a建筑灭火技术与战术@Ajian zhu mie huo ji shu yu zhan shu@f郭赞权, 姜连瑞主编 |
| 210 | @a北京@c应急管理出版社@d2022.06 | |
| 215 | @a249页@c图@d26cm | |
| 300 | @a中国消防救援学院规划教材 | |
| 320 | @a有书目 ( 第248-249页 ) | |
| 330 | @a本书以马克思列宁主义、毛泽东思想、邓小平理论、“三个代表”重要思想、科学发展观和习近平新时代中国特色社会主义思想为指导,以培养消防救援专门人才为目标,按照专业人才培养方案和课程教学大纲要求,在认真总结实践经验,充分吸纳各学科和相关领域最新理论成果的基础上编写而成。教材在内容上主要突出消防救援基础理论和工作实践,并注重体现科学性、系统性、适用性和相对稳定性。 | |
| 606 | 0 | @a建筑物@Ajian zhu wu@x消防@x高等学校@j教材 |
| 690 | @aTU998.1@v5 | |
| 701 | @a郭赞权@Aguo zan quan@4主编 | |
| 701 | @a姜连瑞@Ajiang lian rui@4主编 | |
| 905 | @a河南城建学院图书馆@dTU998.1@eG875 | |
| 建筑灭火技术与战术/郭赞权, 姜连瑞主编.-北京:应急管理出版社,2022.06 |
| 249页:图;26cm |
| 中国消防救援学院规划教材 |
| ISBN 978-7-5020-9092-0:CNY48.00 |
| 本书以马克思列宁主义、毛泽东思想、邓小平理论、“三个代表”重要思想、科学发展观和习近平新时代中国特色社会主义思想为指导,以培养消防救援专门人才为目标,按照专业人才培养方案和课程教学大纲要求,在认真总结实践经验,充分吸纳各学科和相关领域最新理论成果的基础上编写而成。教材在内容上主要突出消防救援基础理论和工作实践,并注重体现科学性、系统性、适用性和相对稳定性。 |
| ● |
| 相关链接 |
|
|
|
正题名:建筑灭火技术与战术
索取号:TU998.1/G875
 
预约/预借
| 序号 | 登录号 | 条形码 | 馆藏地/架位号 | 状态 | 备注 |
| 1 | 1590585 | 215905858 | 建筑库201/201建筑库 139排1列1层/ [索取号:TU998.1/G875] | 在馆 | |
| 2 | 1590586 | 215905867 | 建筑库201/201建筑库 139排1列1层/ [索取号:TU998.1/G875] | 在馆 |